Algebra and Trigonometry, Towson University Edition Math 115 / (Record no. 615499)

000 -LEADER
fixed length control field 00432nam a22001457a 4500
020 ## - INTERNATIONAL STANDARD BOOK NUMBER
Qualifying information PB.
040 ## - CATALOGING SOURCE
Transcribing agency FIZZA ISHAQ
082 ## - DEWEY DECIMAL CLASSIFICATION NUMBER
Classification number 512.13
Author Mark LAR
100 ## - MAIN ENTRY--PERSONAL NAME
Personal name Larson, Ron.
9 (RLIN) 39190
245 ## - TITLE STATEMENT
Title Algebra and Trigonometry, Towson University Edition Math 115 /
Statement of responsibility, etc. Ron Larson.
250 ## - EDITION STATEMENT
Edition statement 6th ED.
260 ## - PUBLICATION, DISTRIBUTION, ETC.
Place of publication, distribution, etc. USA:
Name of publisher, distributor, etc. Cengage Learning,
Date of publication, distribution, etc. 2011.
300 ## - PHYSICAL DESCRIPTION
Extent Index Inc A1 X A 142 ; ill ; 542 P. ;
Dimensions 26.5 X 20.5 X 2.3 cm
942 ## - ADDED ENTRY ELEMENTS (KOHA)
Source of classification or shelving scheme
Koha item type Book
Holdings
Withdrawn status Lost status Source of classification or shelving scheme Damaged status Not for loan Permanent Location Current Location Shelving location Date acquired Total Checkouts Full call number Barcode Date last seen Copy number Price effective from Koha item type
          NUST Baluchistan Campus (NBC) NUST Baluchistan Campus (NBC) Text Books 12/15/2025   512.13 LAR QD-402 12/15/2025 1 12/15/2025 Book
          NUST Baluchistan Campus (NBC) NUST Baluchistan Campus (NBC) Text Books 12/15/2025   512.13 LAR QD-403 12/15/2025 2 12/15/2025 Book
          NUST Baluchistan Campus (NBC) NUST Baluchistan Campus (NBC) Text Books 12/15/2025   512.13 LAR QD-404 12/15/2025 3 12/15/2025 Book
          NUST Baluchistan Campus (NBC) NUST Baluchistan Campus (NBC) Text Books 12/15/2025   512.13 LAR QD-408 12/15/2025 4 12/15/2025 Book
© 2023 Central Library, National University of Sciences and Technology. All Rights Reserved.